UBT Library

The recognition and management of the neonate with heart disease (Record no. 46964)

000 -LEADER
fixed length control field 00307nam a22001217a 4500
008 - FIXED-LENGTH DATA ELEMENTS--GENERAL INFORMATION
fixed length control field 180809b xxu||||| |||| 00| 0 eng d
041 ## - LANGUAGE CODE
Language code of text/sound track or separate title eng
080 ## - UNIVERSAL DECIMAL CLASSIFICATION NUMBER
Universal Decimal Classification number 616.053
100 ## - Rafti
Rafti 7
101 ## - Shkurtesa
Shkurtesa KAR
245 ## - TITLE STATEMENT
Title The recognition and management of the neonate with heart disease
Statement of responsibility, etc STRONG.W.B
942 ## - ADDED ENTRY ELEMENTS (KOHA)
Source of classification or shelving scheme
Item type Books
Holdings
Withdrawn status Lost status Source of classification or shelving scheme Damaged status Not for loan Collection code Permanent location Current location Shelving location Date acquired Total Checkouts Full call number Barcode Date last seen Price effective from Koha item type
          Koleksioni i përgjithshem UBT - Lipjan UBT - Lipjan Koleksioni i përgjithshem 08/09/2018   616.053 STR 002-3010758 08/09/2018 08/09/2018 Books
UBT Library © 2015-2024. All rights reserved University Education for Business and Technology